000 00979nam a2200241 i 4500
001 104006
003 ES-MaACL
005 20250704063117.0
007 t|
008 051122s1920 fr ||||1| fre d
100 1 _aTouchard-Lafosse, Georges,
_d1780-1847
_9133349
245 1 0 _aChroniques de l'oeil de boeuf au temps de Louis XIV, scènes, portraits, anecdotes, avec notes et appendices /
_cpar Albert Meyrac,.
_nI,
_pDe Louis XIII à Madame de Maintenon [Georges Touchard-Lafosse].
260 _aParis :
_bAlbin Michel,
_c[1920?]
300 _a8 lám., 462 p. ;
_c22 cm.
500 _aPrecede al tít.: Chroniques indiscretes et galantes d'autrefois.
600 0 7 _aLuis
_bXIII,
_cRey de Francia
_2
_9129133
600 0 4 _aLuis
_bXIV,
_cRey de Francia
_974697
600 0 7 _aLuis
_bXV,
_cRey de Francia
_2
_9152777
650 4 _aCorte y cortesanos-
_zFrancia.
_9151835
700 0 _aMeyrac, Albert.
_980818
852 _aES-MaACL
_jG-5907
999 _c104006
_d104006